Soil Engineering In Theory And Practice (Record no. 29743)

MARC details
000 -LEADER
fixed length control field 00350nam a22001457a 4500
003 - CONTROL NUMBER IDENTIFIER
control field OSt
005 - DATE AND TIME OF LATEST TRANSACTION
control field 20220209162055.0
008 - FIXED-LENGTH DATA ELEMENTS--GENERAL INFORMATION
fixed length control field 220209b |||||||| |||| 00| 0 eng d
020 ## - INTERNATIONAL STANDARD BOOK NUMBER
International Standard Book Number 8123912277
040 ## - CATALOGING SOURCE
Transcribing agency H U
082 ## - DEWEY DECIMAL CLASSIFICATION NUMBER
Edition number 2ed
Classification number 624.151
100 ## - MAIN ENTRY--PERSONAL NAME
Personal name Singh Alam
9 (RLIN) 13632
245 ## - TITLE STATEMENT
Title Soil Engineering In Theory And Practice
942 ## - ADDED ENTRY ELEMENTS (KOHA)
Source of classification or shelving scheme Dewey Decimal Classification
Koha item type Books like text book referance book
Suppress in OPAC No
Holdings
Withdrawn status Lost status Source of classification or shelving scheme Damaged status Not for loan Home library Current library Shelving location Date acquired Total Checkouts Full call number Barcode Date last seen Copy number Price effective from Koha item type
    Dewey Decimal Classification     IoT Library IoT Library General Stacks 02/09/2022   624.151/SIN/2009 IOTL0011291 02/09/2022 1 02/09/2022 Books like text book referance book
    Dewey Decimal Classification     IoT Library IoT Library General Stacks 02/09/2022   624.151/SIN/2009 IOTL0011292 02/09/2022 2 02/09/2022 Books like text book referance book
    Dewey Decimal Classification     IoT Library IoT Library General Stacks 02/09/2022   624.151/SIN/2009 IOTL0011293 02/09/2022 3 02/09/2022 Books like text book referance book
    Dewey Decimal Classification     IoT Library IoT Library General Stacks 02/09/2022   624.151/SIN/2009 IOTL0011294 02/09/2022 4 02/09/2022 Books like text book referance book
    Dewey Decimal Classification     IoT Library IoT Library General Stacks 03/31/2022   624.151/SIN/2009 IOTL0019306 03/31/2022 5 03/31/2022 Books like text book referance book